Т. 2 : Термодинамика и молекулярная физика; Общий курс физики

Bibliografiske detaljer
Parent link:Общий курс физики: учебное пособие для вузов/ Д. В. Сивухин. Т. 2 : Термодинамика и молекулярная физика.— , 2014-.— 978-5-9221-1513-1
Summary:Второй том курса физики, широко известного у нас в стране и за рубежом. Книга написана на основе лекций, которые в течение ряда лет читались автором студентам Московского физико-технического института. Главное внимание уделено выяснению физического смысла и содержания основных законов и понятий термодинамики и молекулярной физики, установлению границ применимости этих законов, развитию у студентов навыков физического мышления и умения ставить и решать конкретные задачи. Для студентов физических и математических факультетов университетов, физико-технических и инженерно-физических институтов, а также вузов, где физика является основной дисциплиной.
Sprog:russisk
Udgivet: 2014
Udgivelse:6-е изд., стер.
Fag:
Format: MixedMaterials Bog
KOHA link:https://koha.lib.tpu.ru/cgi-bin/koha/opac-detail.pl?biblionumber=253217

MARC

LEADER 00000nam2a2200000 4500
001 253217
005 20231101232825.0
010 |a 9785922115148 
035 |a (RuTPU)RU\TPU\book\275603 
090 |a 253217 
100 |a 20140312d2014 m y0rusy50 ca 
101 0 |a rus 
102 |a RU 
105 |a a j 001zy 
200 0 |a Т. 2 : Термодинамика и молекулярная физика 
205 |a 6-е изд., стер. 
210 |d 2014 
215 |a 544 с.  |c ил. 
320 |a Имен. указ.: с. 529-530. 
320 |a Предм. указ.: с. 531-537. 
330 |a Второй том курса физики, широко известного у нас в стране и за рубежом. Книга написана на основе лекций, которые в течение ряда лет читались автором студентам Московского физико-технического института. Главное внимание уделено выяснению физического смысла и содержания основных законов и понятий термодинамики и молекулярной физики, установлению границ применимости этих законов, развитию у студентов навыков физического мышления и умения ставить и решать конкретные задачи. Для студентов физических и математических факультетов университетов, физико-технических и инженерно-физических институтов, а также вузов, где физика является основной дисциплиной. 
461 1 |0 (RuTPU)RU\TPU\book\288059  |y 978-5-9221-1513-1  |t Общий курс физики  |o учебное пособие для вузов  |o в 5 т.  |f Д. В. Сивухин  |v Т. 2 : Термодинамика и молекулярная физика  |d 2014- 
606 1 |a Физика  |2 stltpush  |3 (RuTPU)RU\TPU\subj\63709  |9 80688 
606 1 |a Термодинамика  |2 stltpush  |3 (RuTPU)RU\TPU\subj\59922  |9 77416 
606 1 |a Молекулярная физика  |2 stltpush  |3 (RuTPU)RU\TPU\subj\44299  |9 63655 
610 1 |a температура 
610 1 |a первое начало термодинамики 
610 1 |a второе начало термодинамики 
610 1 |a теплопроводность 
610 1 |a молекулярно-кинетическая теория 
610 1 |a вещества 
610 1 |a статистические распределения 
610 1 |a перенос 
610 1 |a газы 
610 1 |a реальные газы 
610 1 |a поверхностное натяжение 
610 1 |a фазовое равновесие 
610 1 |a фазовое превращение 
610 1 |a растворы 
610 1 |a симметрия 
610 1 |a строение 
610 1 |a кристаллы 
610 1 |a учебные пособия 
675 |a 53(075.8)  |v 3 
675 |a 536.7(075.8)  |v 3 
675 |a 539.19(075.8)  |v 3 
801 1 |a RU  |b 63413507  |c 20140312 
801 2 |a RU  |b 63413507  |c 20230404  |g RCR 
900 |a Общая физика 
900 |a Термодинамика 
900 |a Молекулярная физика 
942 |c BK 
952 |l 8 
959 |a 46/20140312  |d 120  |e 429,00  |f ЧЗТЛ:1  |f АНЛ:1  |f УФ:118